000 02066nam a22003137u 4500
001 pwiiw3901
003 OSt
005 20260516120107.0
008 151214t2015 au ||||| |||| 00| ||eng d
040 _cOSt
041 _aeng
100 1 _aAralica, Zoran
245 1 0 _aRegional Patterns of Deindustrialization and Prospects for Reindustrialization in South and Central East European Countries
260 _aWien :
_bWiener Institut für Internationale Wirtschaftsvergleiche (wiiw),
_c2015.
490 1 _awiiw Balkan Observatory Working Papers
_v118
520 _aAbstract Past decades in Central and South East European countries have been characterised with shrinking  of  manufacturing output and employment. However, little is known about the causes, nature and the extent of deindustrialization in these countries at the regional level. The objective of this research is to explore the regional patterns of deindustrialization and determinants of reindustrialization in several CEECs and SEECs. Our analysis presents one of the first attempts to address these processes at regional level while taking into account the spatial effects. A spatial panel Durbin econometric technique is applied to data covering 2006 – 2012 period to discern inter – regional from intra – regional effects. Results of investigation reveal spatial clustering of economic activity. Traits of deindustrialization are observed in metropolitan areas and in regions on eastern belt of these countries while other regions reveal  traits of shift  towards high technology intensive manufacturing. Recommendations for future policy makers are provided.
650 _adeindustrialization
650 _areindustrialization
650 _aregions
650 _aspatial analysis
651 _aCEE
651 _aSEE
690 _aMacroeconomic Analysis and Policy
690 _aRegional Development
700 1 _aStojčić, Nebojša
830 0 _v118
_wWIIW0000140
_twiiw Balkan Observatory Working Papers
856 4 0 _uhttps://wiiw.ac.at/p-3901.html
942 _cP
_2z
999 _c8769
_d8769